00190nam a22000737a 4500100002300000245006000023260002600083300000700109 aSenarathne,S.M.P.M aMedicinal propertie of pomegrante and Indian Gooseberry aColombobIchemcc2016 a28